|
|
|
|
| LEADER |
00728nam a22002172a 4500 |
| 001 |
000416571 |
| 003 |
CZ BrMZK |
| 005 |
20141218125617.0 |
| 007 |
ta |
| 008 |
990305s1956 gw f f ger d |
| 040 |
|
|
|a BOA001
|b cze
|
| 100 |
1 |
|
|a Storm, Theodor,
|d 1817-1888
|7 jn19990008293
|4 aut
|
| 245 |
1 |
0 |
|a Gedichte :
|b Märchen und Spukgeschichten : Novellen /
|c Theodor Storm
|
| 260 |
|
|
|a Berlin :
|b Aufbau-Verlag,
|c 1956
|
| 300 |
|
|
|a 695 s., příl.
|
| 490 |
1 |
|
|a Sämtliche Werke in 4 Bd. ;
|v Bd. 1
|
| 800 |
1 |
|
|a Storm, Theodor,
|d 1817-1888.
|t Sämtliche Werke in 4 Bd.
|
| 910 |
|
|
|a BOA001
|b 2-0405.854
|
| 990 |
|
|
|a BK
|
| 991 |
|
|
|b 201409
|
| 996 |
7 |
|
|b 2619793117
|c 2-0405.854
|l MZK
|r Sklad / do 24 hodin
|n 7
|w 000416571
|u 000010
|a 1
|e BOA001
|j MZK50
|s A
|